| 000 | 00863nas a2200277 4500 | ||
|---|---|---|---|
| 001 | BR0803427 | ||
| 003 | BR-BrBNA | ||
| 005 | 20231205112301.0 | ||
| 007 | ta | ||
| 008 | 230509b bl.|||p| |||| 00| 00por d | ||
| 040 |
_aBR-BrBNA _bpor _cBiblioteca Nacional de Agricultura |
||
| 041 | _a(Pt) | ||
| 072 | _aQ02; S01 | ||
| 100 | 1 | _aJaime, N.G. | |
| 100 | 1 | _aMoura, C.J. de | |
| 100 | 1 | _aPaula, Y.O. de | |
| 245 | 1 | _aAceitação do palmito de guariroba (Syagrus oleracea (Mart.)Becc.)em conservas sob diferentes ácidos orgânicos | |
| 650 | _aGUARIROBA | ||
| 650 | _aPALMITO | ||
| 650 | _aCONSERVA | ||
| 650 | _aACIDIFICAÇÃO | ||
| 650 | _aNUTRIÇÃO HUMANA | ||
| 773 | 0 |
_tPesquisa Agropecuária Tropical (Brazil) _xISSN 1517-6398 _g(Oct-Dec 2007), v. 37(4) p. 257-266 _wBR0803427 |
|
| 909 |
_a202311 _bLúcia _c55 _dLúcia Elande |
||
| 942 |
_2AGRIS _n0 _cANA |
||
| 999 |
_c197182 _d197182 |
||